000 00620nam a2200241Ia 4500
003 OSt
005 20221005070147.0
006 a|||||r|||| 00| 0
007 ta
008 221004b |||||||| |||| 00| 0 urd d
024 _a29990
037 _cTextual
040 _aCRL
_cCRL
_burd
041 _2urd
_aurd
082 _aO168,3N04,25, J8
100 _aRampuri Qaisi
245 0 _aFarzana
260 _aMuradabad
_bZiyaye adab India
_c1958
300 _a399p.
_ccm.
650 _aURDU FICTION
_93298
942 _hO168,3N04,25, J8
_cTEXL
_2cc
999 _c975775
_d975775